00326nam a22000977a 4500020001800000082001400018100002000032245013400052260003300186300000900219 a0-19-577160-5 a910 MAS'N aMASSAN, CHARLES aNARATIVE OF VARIOUS JOURNEY'SIN BALACHISTAN AFGHANISTAN AND THE PUNJAB INCLUDING A RESIDENCE IN THOSE COUNTRIES FROM 1826 TO 1838 aLONDONbRICHARD BENTONc1974 aVOL-